| 000 | 00448pab a2200169 454500 | ||
|---|---|---|---|
| 008 | 180718b2005 xxu||||| |||| 00| 0 eng d | ||
| 100 | _aChelliah, Raja J. | ||
| 245 | _aMalady of continuing fiscal imbalance | ||
| 260 | _c2005 | ||
| 300 | _ap.3399-404. | ||
| 362 | _a30 Jul | ||
| 650 | _aTwelfth Finance Commission | ||
| 650 | _aPublic finance - India | ||
| 650 | _aPublic finance | ||
| 773 | _aEconomic and Political Weekly | ||
| 909 | _a66475 | ||
| 999 |
_c66475 _d66475 |
||